000 01281nam0a22003851 4500
001 RU\NLR\A1SV\4015
005 20251203171251.9
035 _a(NLR Aleph) 009690019
090 _a9732393
_c9732393
100 _a19980204d1926 u y0rusy50 ca
101 1 _arus
_cfre
102 _aRU
200 1 _aГоха-дурак
_e[Роман]
_eПер. с фр.
_fАдес и Иосиповичи
_gПредисл. Октава Мирбо
210 _aЛ.
_cКн. новинки
_d1926
215 _a232, [3] с.
_d20 см
300 _aНа обл. авт.: А.Адес и А.Иозиповичи
300 _aПер. также под загл.: "Книга о Гохе-дураке", "Книга о простеце Гоа"
620 _dСанкт-Петербург
700 1 _aАдес
_bА.
_f1893-1921
_gАльберт
701 1 _aИосиповичи
_bА.
_f1892-1932
_gАльберт
702 1 _aМирбо
_bО.
_f1848-1917
_gОктав
801 0 _aRU
_bNLR
_c19980204
899 _aРНБ
_j22/888
899 _aРКП
899 _aМГУ
899 _aСОУНБ
899 _aРГБ
899 _aГБ РУз.
899 _aКирОУНБ
899 _aСамОУНБ
942 _cBOOK
980 _aNB
980 _aA1SV
980 _aA1SV